000 00773nmc a2200277 a 4500
003 AR-BaBNM
005 20251128211621.0
008 175020s2004 ||||||||||||||000 | spa||
020 _a987-21677-0-2
040 _cAR-BaBNM
100 1 _aIbarrola, María de
245 1 0 _aParadojas recientes de la educación frente al trabajo y la inserción social
250 _a1º ed.
260 _aBuenos Aires
_bRedetis
_c2004
300 0 _a46 p.
490 0 _aTendencia y debates
_vv. 1
504 _aBibliografía p. 60-64
650 4 _aMERCADO DE TRABAJO
650 4 _aEDUCACION PARA EL TRABAJO
650 4 _aDEMANDA DE EDUCACION
650 4 _aCOMPETENCIAS
651 4 _aAmérica Latina
653 _aCAPACITACION LABORAL
942 _cBK
998 _cme-solo cat
999 _c20437
_d20437